| 000 | 00595nam a2200205 i 4500 | ||
|---|---|---|---|
| 001 | 44794 | ||
| 003 | ES-MaACL | ||
| 005 | 20250701063134.0 | ||
| 007 | t| | ||
| 008 | 030324s1883 fr ||||1| fre d | ||
| 100 | 1 |
_aClaretie, Jules, _d1840-1913 _9160289 |
|
| 245 | 1 | 0 |
_aFr. Coppée / _cpar Jules Claretie. |
| 260 |
_aParis : _bA. Quantin, _c1883. |
||
| 300 |
_a32 p. ; _c19 cm. |
||
| 490 | 1 | _aCélébrités contemporaines | |
| 600 | 0 | 4 |
_aCoppée, François. _940420 |
| 830 | 0 |
_aCélébrités contemporaines _9229910 |
|
| 852 |
_aES-MaACL _jT-759-F-4 |
||
| 999 |
_c44794 _d44794 |
||